Report on non-government business colleges, October 1978 /

Saved in:
Bibliographic Details
Corporate Author: Australia. Tertiary Education Commission
Other Authors: Karmel, P. H. (Peter Henry), 1922-
Format: Book
Language:English
Published: Canberra : Tertiary Education Commission, 1978.
Subjects:
LEADER 01251nam a2200325 a 4500
001 c000163544
003 CARM
005 20030514155156.0
008 790410s1978 at f000 0 eng d
019 1 |a 1657405  |5 LACONCORD2021 
020 |a 064291138X :  |c unpriced 
020 |a 064291138X 
035 |a (OCoLC)27505063  |5 LACONCORD2021 
040 |a ANB  |b eng  |c ANB  |d XNTU 
042 |a anuc 
043 |a u-at--- 
082 0 4 |a 651.4/07 
082 0 4 |a 651.0711/94  |2 21 
110 1 |a Australia.  |b Tertiary Education Commission. 
245 1 0 |a Report on non-government business colleges, October 1978 /  |c Tertiary Education Commission. 
260 |a Canberra :  |b Tertiary Education Commission,  |c 1978. 
300 |a vii,64p. ;  |c 25cm. 
500 |a Independent business colleges. Australia. Reports, surveys (ANB/PRECIS SIN 0298654) 
500 |a Chairman: P. Karmel. 
504 |a Includes bibliographical references. 
650 0 |a Business education  |z Australia. 
700 1 |a Karmel, P. H.  |q (Peter Henry),  |d 1922- 
852 8 |b CARM  |h A2:AN25D0  |i C06013  |p 0222919  |f BK 
999 f f |i a94e295a-e198-59fb-8b1f-1c703a47dc4b  |s 2086c010-dfbc-5e89-8bad-6965a32746d5 
952 f f |p Can circulate  |a CAVAL  |b CAVAL  |c CAVAL  |d CARM 1 Store  |e C06013  |f A2:AN25D0  |h Other scheme  |i book  |m 0222919